01242 a2200241 4500001000700000020001800007040003200025090001300057100001700070245001900087250001300106260001900119300004000138362000900178520062100187650002600808650001200834650001800846650001300864942000700877952009700884999001900981124833 a9781561453443 cEscola Canadense de Niteroi aT6 - BUT aButler, John10aTen in the den a1st. ed. aUnited Kingdom c5 x 0.25 x 10.25 inches (Hardcover)0 a2005 aDeep in the den, ten sleepy, cuddly animals snuggle up together for the night. But as the animal friends roll over to make more room, one animal after another gently tumbles out of the cozy den…until Little Mouse is left all alone. But Little Mouse misses his friends, so he comes up with the perfect solution to his problem. John Butler’s charming version of a children’s favorite countdown to bedtime features a simple but playful text and soft, pastel-colored illustrations of bright-eyed baby animals. The result is an irresistible read-aloud story that will invite delighted responses from young children. 4aChildren's Literature 4aAnimals 4aAnimal Babies 4aCounting cBK 00104070a80.1b80.1d2024-02-09l0oT6 - BUTpA00711r2024-02-09 21:21:15w2024-02-09yBK c124833d124833